000
00332nam a2200145Ia 4500
008
191201s2009 xx 000 0 und d
082
_a
659.1
_b
BAA
100
_a
BATRA,Rajeev
245
0
_a
Advertising Management
250
_a
6th IMP
260
_a
N. delhi
_b
pearson
_c
2009
300
_a
768
650
_a
BBA
942
_2
ddc
_c
BK
_0
2
999
_c
4419
_d
4419